| 000 | 00491nam a2200169Ia 4500 | ||
|---|---|---|---|
| 005 | 20250429174224.0 | ||
| 008 | 231217s9999 xx 000 0 und d | ||
| 020 | _a9780201616415 | ||
| 082 | _a005.1 BEC;1 R | ||
| 100 | _aBeck. Kent | ||
| 245 | 0 | _aExtreme programming explained : embrace change | |
| 260 |
_c2000 _bAddison-Wesley _aCalifornia |
||
| 300 | _axxi+190 | ||
| 400 | _aThe addison - wesley signature series | ||
| 650 | _aExtreme,programming,explained,embrace | ||
| 942 | _cAA | ||
| 999 |
_c182808 _d182808 |
||